01338 a2200181 4500001000500000005001700005008004100022003001500063040004000078080003300118245006700151020002200218250001200240264004800252300002400300505081000324100002201134428020260407155433.0260407a2008 arg spa dAR-UNSa-BCEJYS aAR-UNSa-BCEJYSbspacAR-UNSa-BCEJYS a330.101.542xMicroeconomía10aTeoría microeconómicapprincipios básicos y ampliaciones a978-970-686-548-9 a9a. ed. 1aMéxico :bCengage Learning Editoresc2008 axvi, 671 p.c26 cm. a1. Modelos Económicos - 2. Las matemáticas de la optimización - 3. Preferencias y utilidad - 4. Maximización de la utilidad y elección - 5. Efecto ingreso y efecto sustitución - 6. Relaciones de demanda entre bienes - 7. Funciones de producción - 8. Funciones de costos - 9. Maximización de las ganancias - 10. Modelo de equilibrio parcial en competencia perfecta - 11. Análisis aplicado de la competencia - 12. Equilibrio general y bienestar - 13. Modelos de monopolio - 14. Modelos tradicionales de competencia imperfecta - 15. Modelo de teoría de juegos para determinar los precios - 16. Mercado de trabajo - 17. Mercado de capital - 18. Incertidumbre y aversión al riesgo - 19. Economía de la información - 20. Externalidades y bienes públicos - 21. Economía política 1 aNicholson, Walter